General Principles: APA Code of Ethics - Statistics

General Stats
  • This quiz has been taken 2 times
  • The average score is 13 of 28
Answer Stats
Hint Answer % Correct
Confidentiality
100%
Authorship
50%
Communication
50%
Principle B Competence
50%
Delegation
50%
Ethics
50%
Financial arrangements
50%
Info from associated parties
50%
Informed Consent
50%
Interpreters
50%
Principle A Justice
50%
Multiple clients
50%
Non-exploitation
50%
Privacy
50%
Professional Responsibility
50%
Psych Assess
50%
Record Keeping
50%
Release of info to clients
50%
Principle C Reputable Behaviour
50%
Research
50%
Respect
50%
Suspension
50%
Termination
50%
Third party
50%
Accepting clients of others
0%
Collaborating with others
0%
Conflicting demands
0%
Conflicts of interest
0%
No matching quizzes found
Score Distribution
Percent of People with Each Score
Percentile by Number Answered
Your Score History
You have not taken this quiz